[Event "LTU  (B14)"]
[Site "Vilnius"]
[Date "2018.02.21"]
[Round "9.10"]
[White "Labanauskas, Dovydas"]
[Black "Meskauskas, Paulius"]
[Result "1-0"]
[WhiteElo "1557"]
[BlackElo "1112"]
[PlyCount "31"]
[EventDate "2018.02.16"]

1. e4 e5 2. d4 exd4 3. c3 dxc3 4. Bc4 cxb2 5. Bxb2 Nf6 6. e5 Qe7 7. Qe2 Ng8 8.
Nf3 d6 9. Nc3 Nc6 10. Nd5 Qd8 11. Nxc7+ Kd7 12. Nxa8 Qa5+ 13. Kf1 b6 14. Re1
Bb7 15. exd6 Bxa8 16. Bxf7 1-0